000 00387nam a2200169Ia 4500
003 0100
008 130227s9999 xx 000 0 und d
040 _cARRUPELIB
050 _aBL60.M2813
100 _aMaduro, Otto
245 _aReligion and social conflict
260 _aNew York
260 _bOrbis Books
260 _C1982
650 _bShona phrases - English
942 _2lcc
_02
999 _c6145
_d6145